000 00831nab a2200253 u 4500
001 13691
003 HDC
007 cr bn ---aaaaa
008 210213c mydr|nes 0 a may d
040 _aHDC
100 _aNabil Basaruddin
_eauthor
_97618
245 0 _aJulie's optimis perolehan RM500j pada 2020 /
_cby Nabil Basaruddin
260 _aMalaysia:
_bUtusan Malaysia,
_c2015
336 _atext
_2rdacontent
337 _acomputer
_2rdamedia
338 _aonline resource
_2rdacarrier
650 _aexport
_94753
650 _afood manufacturing
_96301
710 _aUtusan Malaysia
856 _zRequest full-text at [email protected]
942 _2lcc
942 _cNEWS
942 _kNSWC 004512
999 _c11007
_d11007